00385nam a2200157Ia 4500008004100000020001500041041001200056082001100068100001900079245004400098250000800142260003000150300000800180650002100188700001800209221030s9999 xx 000 0 und d a8181284976 aEnglish a105.23 aG. J. Kowalsky 0aInformation Storage & Retrieval Systems a2nd bSpringeraNew Delhic2008 a318 aCSE Career Award aM. I. Maybury